000 00610nam a2200229Ia 4500
003 OSt
005 20220923230128.0
006 a|||||r|||| 00| 0
007 ta
008 Pun
024 _a277,593
037 _cTextual
040 _aARTS
_cARTS
_bPun
041 _2Pun
_aPun
082 _aO153,3NJEx, K8
100 _aਸਿੰਘ, ਗੁਰਦੇਵ
_9156291
245 0 _aਹੁੰਗਾਰਾ ਕੌਣ ਭਰੇ
260 _c1968
650 _aਪੰਜਾਬੀ ਸਾਹਿਤ
942 _hO153,3NJEx, K8
_cTEXL
_2CC
999 _c382645
_d382645